000 00417nam a22001817a 4500
003 OSt
005 20241104144350.0
008 241104b |||||||| |||| 00| 0 eng d
040 _cMRSPTU
041 _aENG
082 _a630.7
_bSI-H
100 _aSingh A.K.
245 _aHandbook Of Agricultural Extension
260 _aNew Delhi
_bICAR
_c2024
300 _a860
650 _aAgriculture
942 _2ddc
_cBK
_n0
999 _c10420
_d10420